00285nam a2200109Ia 4500008004100000082001500041100001700056245004300073260004300116300000800159650000800167191201s2005 xx 000 0 und d a658.5bCHE aCHHABRA, T N 0aEssentials of Organizational Behaviour aN.DelhibDhanpat Rai Pub (P) Ltdc2005 a557 aMBA